[Event "NIC Classic Prelim 2021"]
[Site "chess24.com INT"]
[Date "2021.04.26"]
[Round "13.4"]
[White "So, Wesley"]
[Black "Christiansen, Johan-Sebastian"]
[Result "1-0"]
[WhiteTitle "GM"]
[BlackTitle "GM"]
[WhiteElo "2770"]
[BlackElo "2618"]
[WhiteFideId "5202213"]
[BlackFideId "1512668"]
[EventDate "2021.04.24"]

1. d4 Nf6 2. Bf4 Nh5 3. Bc1 Nf6 4. Bf4 Nh5 5. Bc1 d5 6. e4 g6 7. exd5 Qxd5 8.
Nc3 Qd6 9. Nb5 Qd8 10. Nf3 Bg7 11. Be2 O-O 12. O-O c6 13. Na3 Qc7 14. Re1 Rd8
15. c3 Nd7 16. Bg5 Nf8 17. Bc4 Be6 18. Bxe6 Nxe6 19. Rxe6 fxe6 20. Qe2 Qd7 21.
Nc4 Bf6 22. g4 Ng7 23. Nce5 Qd5 24. c4 Qd6 25. Bf4 Qb4 26. Rc1 Qa5 27. a3 c5 28.
dxc5 Qxc5 29. b4 Qc8 30. c5 Rd5 31. h3 Ne8 32. c6 bxc6 33. Nxc6 Qd7 34. b5 g5
35. Bg3 Ng7 36. a4 h5 37. Nb4 hxg4 38. hxg4 Rc8 39. Rxc8+ Qxc8 40. Nxd5 exd5 41.
Ne5 Qc1+ 42. Kg2 Qa1 43. Qf3 Qxa4 44. Qxd5+ Kh7 45. Qd3+ Kg8 46. Qd5+ Kh7 47. f3
Qc2+ 48. Bf2 Qb2 49. Nc4 Qa2 50. Nb6 Qc2 51. Nd7 Qc7 52. Qc6 Qf4 53. Qe4+ Qxe4
54. fxe4 Ne8 55. e5 Nc7 56. exf6 exf6 57. Nxf6+ Kg6 58. b6 axb6 59. Bxb6 Ne6 60.
Ne4 Nf4+ 61. Kf3 Ne6 62. Be3 Kh6 63. Kg3 Kg6 64. Kh3 Nc7 65. Bxg5 Nd5 66. Bd2
Ne7 67. Kg3 Nc6 68. Bc3 Ne7 69. Nd6 Nd5 70. Bd4 Ne7 71. Kh4 Nd5 72. Nc4 Nf4 73.
Ne5+ Kh7 74. Bb2 Ng2+ 75. Kh5 Nf4+ 76. Kg5 Ne6+ 77. Kf6 Nf4 78. g5 Nd5+ 79. Kf7
Nf4 80. Nd7 Ng6 81. Nf8+ 1-0

[Event "NIC Classic Prelim 2021"]
[Site "chess24.com INT"]
[Date "2021.04.26"]
[Round "13.6"]
[White "Karjakin, Sergey"]
[Black "Tari, Aryan"]
[Result "0-1"]
[WhiteTitle "GM"]
[BlackTitle "GM"]
[WhiteElo "2757"]
[BlackElo "2639"]
[WhiteFideId "14109603"]
[BlackFideId "1510045"]
[EventDate "2021.04.24"]

1. e4 e5 2. Nf3 Nc6 3. Bc4 Bc5 4. O-O Nf6 5. d3 d6 6. c3 a5 7. Re1 O-O 8. Nbd2
Be6 9. Bb5 Qb8 10. Nf1 Qa7 11. Be3 Bxe3 12. Nxe3 Ne7 13. a4 h6 14. Bc4 Bxc4 15.
Nxc4 Ng6 16. g3 Rfe8 17. Qb3 Qc5 18. Rad1 b6 19. d4 Qc6 20. d5 Qd7 21. Nfd2 Qh3
22. Ne3 Ng4 23. Nxg4 Qxg4 24. Qc4 Re7 25. Qe2 Qh3 26. Nc4 f5 27. exf5 Qxf5 28.
Qe4 Rf7 29. Qxf5 Rxf5 30. Na3 Raf8 31. Rd2 e4 32. Rxe4 Ne5 33. Kg2 Nf3 34. Rd1
Rh5 35. h4 g5 36. Nc4 gxh4 37. g4 Rg5 38. Rd3 Ne1+ 39. Rxe1 Rxg4+ 40. Kh3 Rxc4
41. Rg1+ Kh7 42. Re3 Rf7 43. Rg4 Rxg4 44. Kxg4 Rxf2 45. Re7+ Kg6 46. Rxc7 Rxb2
47. Re7 Rf2 48. c4 h5+ 49. Kh3 Rf4 50. Re6+ Kf5 51. Rxd6 Rxc4 52. Rxb6 Rxa4 53.
Rb5 Ke5 54. d6+ Kxd6 55. Rf5 Ra1 56. Kh2 Kc6 57. Re5 a4 58. Re4 Kb5 59. Re5+ Kc4
60. Re4+ Kb3 61. Re3+ Kc2 62. Re4 a3 63. Re2+ Kd3 64. Rf2 Ke3 65. Rc2 Rd1 0-1

[Event "NIC Classic Prelim 2021"]
[Site "chess24.com INT"]
[Date "2021.04.26"]
[Round "13.7"]
[White "Le, Quang Liem"]
[Black "Radjabov, Teimour"]
[Result "1/2-1/2"]
[WhiteTitle "GM"]
[BlackTitle "GM"]
[WhiteElo "2709"]
[BlackElo "2765"]
[WhiteFideId "12401137"]
[BlackFideId "13400924"]
[EventDate "2021.04.24"]

1. d4 Nf6 2. Nf3 e6 3. c4 d5 4. Nc3 Be7 5. g3 dxc4 6. Bg2 c5 7. Qa4+ Nbd7 8.
dxc5 Bxc5 9. O-O O-O 10. Qxc4 Qe7 11. Rd1 b6 12. Ng5 Ne5 13. Qh4 Ng6 14. Qh3 Bb7
15. Bxb7 Qxb7 16. Nce4 h6 17. Nxf6+ gxf6 18. Nf3 Qe4 19. Kf1 Rfd8 20. Bxh6 Ne5
21. Qh4 Qxh4 22. gxh4 Ng4 23. Rxd8+ Rxd8 24. Bf4 Bxf2 25. h3 Be3 26. hxg4 Bxf4
27. Kf2 Bd6 28. e3 Rc8 29. Rd1 Bb4 30. Nd4 Kg7 31. Kf3 a6 32. h5 b5 33. a3 Be7
34. Rd2 Rc7 35. Ne2 Kh6 36. Ng3 Kg7 37. Ne4 Kh6 38. Ng3 Kg7 39. Ne4 Kh6 40. Ng3 1/2-1/2

[Event "NIC Classic Prelim 2021"]
[Site "chess24.com INT"]
[Date "2021.04.26"]
[Round "13.8"]
[White "Dominguez Perez, Leinier"]
[Black "Vidit, Santosh Gujrathi"]
[Result "1/2-1/2"]
[WhiteTitle "GM"]
[BlackTitle "GM"]
[WhiteElo "2758"]
[BlackElo "2726"]
[WhiteFideId "3503240"]
[BlackFideId "5029465"]
[EventDate "2021.04.24"]

1. e4 c5 2. Nf3 e6 3. d4 cxd4 4. Nxd4 Nf6 5. Nc3 Nc6 6. Ndb5 d6 7. Bf4 e5 8. Bg5
a6 9. Na3 b5 10. Nd5 Be7 11. Bxf6 Bxf6 12. c3 Rb8 13. Nc2 Bg5 14. a4 bxa4 15.
Ncb4 Nxb4 16. cxb4 Bd7 17. Bxa6 O-O 18. h4 Be7 19. b5 Bxb5 20. Bxb5 Rxb5 21. g3
Rxb2 22. O-O Qd7 23. Qxa4 Rb7 24. Qxd7 Rxd7 25. Rfd1 g6 26. Nxe7+ Rxe7 27. Rxd6
h5 28. Rda6 Kg7 29. Ra7 Rxa7 30. Rxa7 Rb8 31. Ra5 Kf6 32. Ra6+ Ke7 33. Ra7+ Ke6
34. Ra6+ Ke7 35. Ra7+ Ke6 36. Ra6+ Ke7 1/2-1/2

[Event "NIC Classic Prelim 2021"]
[Site "chess24.com INT"]
[Date "2021.04.26"]
[Round "14.1"]
[White "Jones, Gawain C B"]
[Black "Vidit, Santosh Gujrathi"]
[Result "0-1"]
[WhiteTitle "GM"]
[BlackTitle "GM"]
[WhiteElo "2670"]
[BlackElo "2726"]
[WhiteFideId "409561"]
[BlackFideId "5029465"]
[EventDate "2021.04.24"]

1. e4 c5 2. Nf3 e6 3. Nc3 Nc6 4. Bb5 Nd4 5. O-O a6 6. Bd3 Nc6 7. b3 d5 8. exd5
exd5 9. Re1+ Be7 10. Na4 Be6 11. Bb2 d4 12. Ba3 b6 13. Qe2 Nf6 14. Bxa6 Qc7 15.
c3 dxc3 16. dxc3 O-O 17. Bb2 Bd6 18. Bb5 Rfe8 19. c4 Bg4 20. Qd3 Nb4 21. Qc3
Rxe1+ 22. Rxe1 Nxa2 23. Qe3 Bf4 24. Qe2 Nb4 25. Bxf6 gxf6 26. Qe4 Rd8 27. g3 f5
28. Qxf4 Qxf4 29. gxf4 Bxf3 30. Nxb6 Nd3 31. Re8+ Rxe8 32. Bxe8 Bd1 33. Ba4 Nxf4
34. Nd7 Nd3 35. Nf6+ Kg7 36. Nd5 f4 37. Kg2 Kg6 38. Nc3 Bc2 39. f3 Nc1 40. Kf2
Bxb3 41. Bxb3 Nxb3 42. Na4 Kf5 43. Ke2 Ke5 44. Kd3 Kd6 45. Nc3 f5 46. Ne2 Ke5
47. Kc3 Na5 48. Nc1 Nc6 49. Nb3 Kd6 50. Kc2 Ne5 51. Nd2 Kc6 52. Kc3 Kb6 53. Kc2
Ka5 54. Kb3 Nc6 55. Kc3 Ne5 56. Nb3+ Kb6 57. Nd2 h6 58. Kc2 Nc6 59. Nb3 Ne5 60.
Nd2 Ng6 61. Kd3 Nh4 62. Kc3 Ng2 63. Kc2 Ka5 64. Kc3 Ne1 65. Nb3+ Kb6 66. Nd2 Kc6
67. Kb2 Kd6 68. Kc1 Ke5 69. Kd1 Nd3 70. Nb3 Kd6 71. Nd2 Ke7 72. Kc2 Ne5 73. Kd1
Kf6 74. Ke2 Ke6 75. Kd1 Nc6 76. Nb3 Kd6 77. Kc2 Nd8 78. Nc1 Ne6 79. Nb3 Kc7 80.
Kd3 Kd7 81. Ke2 Ke7 82. Kf2 Kf6 83. Kg2 Ke5 84. Kh3 Ng5+ 85. Kg2 Kd6 86. Nc1 Nf7
87. Nb3 Ne5 88. Nd2 Kc6 89. Kh3 Kb6 90. Kh4 Ka5 91. Kh5 Kb4 92. Kxh6 Kc3 93.
Nb1+ Kxc4 94. h4 Nxf3 95. h5 Kd3 96. Kg6 Ne5+ 97. Kxf5 f3 98. Kxe5 f2 0-1

[Event "NIC Classic Prelim 2021"]
[Site "chess24.com INT"]
[Date "2021.04.26"]
[Round "14.2"]
[White "Radjabov, Teimour"]
[Black "Dominguez Perez, Leinier"]
[Result "1/2-1/2"]
[WhiteTitle "GM"]
[BlackTitle "GM"]
[WhiteElo "2765"]
[BlackElo "2758"]
[WhiteFideId "13400924"]
[BlackFideId "3503240"]
[EventDate "2021.04.24"]

1. d4 d5 2. Nf3 Nf6 3. c4 dxc4 4. e3 e6 5. Bxc4 c5 6. O-O Nc6 7. dxc5 Qxd1 8.
Rxd1 Bxc5 9. b3 O-O 10. Bb2 Be7 11. Nbd2 b6 12. a3 Bb7 13. b4 Rac8 14. Be2 Rfd8
15. Nc4 b5 16. Ncd2 a6 17. Rac1 Kf8 18. Kf1 h6 19. h3 Nb8 20. Nd4 Nd5 21. N2b3
Rxc1 22. Rxc1 Rc8 23. Rxc8+ Bxc8 24. e4 Nb6 25. Na5 e5 26. Nf5 f6 27. Bc1 Bd7
28. Be3 Na4 29. Bd1 Nc6 30. Nxc6 Bxc6 31. Bxa4 bxa4 32. Nxe7 Kxe7 33. f3 h5 34.
h4 Ke6 35. Ke1 g6 36. Kd2 Bb5 37. Bh6 f5 38. g3 Bc6 39. Kd3 Bb5+ 40. Kd2 Bc6 41.
Kd3 Bb5+ 42. Kd2 1/2-1/2

[Event "NIC Classic Prelim 2021"]
[Site "chess24.com INT"]
[Date "2021.04.26"]
[Round "14.3"]
[White "Tari, Aryan"]
[Black "Le, Quang Liem"]
[Result "1/2-1/2"]
[WhiteTitle "GM"]
[BlackTitle "GM"]
[WhiteElo "2639"]
[BlackElo "2709"]
[WhiteFideId "1510045"]
[BlackFideId "12401137"]
[EventDate "2021.04.24"]

1. e4 e5 2. Nf3 Nc6 3. d4 exd4 4. Nxd4 Nf6 5. Nxc6 bxc6 6. e5 Qe7 7. Qe2 Nd5 8.
h4 Qe6 9. Nd2 Nb4 10. Nf3 Ba6 11. c4 Qg6 12. Nd4 Bc5 13. h5 Nd3+ 14. Qxd3 Qxd3
15. Bxd3 Bxd4 16. Rh4 c5 17. Rg4 Kf8 18. Be3 Bxe3 19. fxe3 Re8 20. Rg5 Re6 21.
Kd2 h6 22. Rf5 Ke7 23. Raf1 Rf8 24. g4 Bb7 25. g5 d6 26. exd6+ cxd6 27. gxh6
gxh6 28. Rg1 Bc8 29. Rg7 Rf6 30. Rf4 Rh8 31. Ke2 Rxf4 32. exf4 Kf6 33. Rg3 Be6
34. Kf2 Rb8 35. b3 a5 36. Be4 a4 37. Rd3 axb3 38. axb3 Rb6 39. Kf3 Ra6 40. Bd5
Ra3 41. Bxe6 fxe6 42. Ke4 Ra6 43. Rg3 Rb6 44. Rg6+ Ke7 45. f5 exf5+ 46. Kxf5
Rxb3 47. Rg7+ Kf8 48. Rh7 Rc3 49. Kf6 Kg8 50. Rg7+ Kh8 51. Kg6 Rg3+ 52. Kxh6
Rxg7 1/2-1/2

[Event "NIC Classic Prelim 2021"]
[Site "chess24.com INT"]
[Date "2021.04.26"]
[Round "14.4"]
[White "Aronian, Levon"]
[Black "Karjakin, Sergey"]
[Result "1/2-1/2"]
[WhiteTitle "GM"]
[BlackTitle "GM"]
[WhiteElo "2781"]
[BlackElo "2757"]
[WhiteFideId "13300474"]
[BlackFideId "14109603"]
[EventDate "2021.04.24"]

1. d4 Nf6 2. c4 e6 3. Nf3 b6 4. g3 Ba6 5. b3 Bb4+ 6. Bd2 Be7 7. Nc3 d5 8. cxd5
exd5 9. Bg2 O-O 10. O-O Re8 11. Rb1 c5 12. dxc5 bxc5 13. Bg5 Bb7 14. Nh4 Nbd7
15. Nf5 h6 16. Bxf6 Nxf6 17. Ne3 Qa5 18. Ncxd5 Nxd5 19. Nxd5 Qxa2 20. Qd3 Qa5
21. Rfd1 Bxd5 22. Bxd5 Rad8 23. Ra1 Qc7 24. Ra6 Bf6 25. Rxf6 Rxd5 26. Qxd5 gxf6
27. e3 Kg7 28. Qf3 Qe5 29. Qg4+ Qg5 30. Qc4 Qf5 31. Ra1 Rd8 32. Rxa7 Rd1+ 33.
Kg2 Qd5+ 34. Qxd5 Rxd5 35. Ra2 Rd3 36. Rb2 Rc3 37. Kf3 c4 38. bxc4 Rxc4 39. e4
Rc5 40. Kf4 Rh5 41. f3 Ra5 42. Rd2 Rb5 43. Rd5 Rb3 44. h4 Ra3 45. g4 Ra1 46. g5
fxg5+ 47. hxg5 hxg5+ 48. Rxg5+ Kf6 49. Rb5 Kg6 50. Rg5+ Kf6 51. Rf5+ Kg6 52.
Rg5+ Kf6 1/2-1/2

[Event "NIC Classic Prelim 2021"]
[Site "chess24.com INT"]
[Date "2021.04.26"]
[Round "14.5"]
[White "Christiansen, Johan-Sebastian"]
[Black "Mamedyarov, Shakhriyar"]
[Result "0-1"]
[WhiteTitle "GM"]
[BlackTitle "GM"]
[WhiteElo "2618"]
[BlackElo "2770"]
[WhiteFideId "1512668"]
[BlackFideId "13401319"]
[EventDate "2021.04.24"]

1. e4 c6 2. d4 d5 3. e5 c5 4. dxc5 e6 5. Bd3 Bxc5 6. Qg4 Ne7 7. Nf3 Qc7 8. Nc3
a6 9. Qxg7 Rg8 10. Qxh7 Rxg2 11. Be3 Bxe3 12. fxe3 Qb6 13. O-O-O Qxe3+ 14. Kb1
Qxf3 15. Rhf1 Rf2 16. Rxf2 Qxf2 17. Ne4 Qe3 18. Nf6+ Kd8 19. Qxf7 Nbc6 20. h4
Kc7 21. c4 Kb6 22. h5 Ka7 23. c5 Nxe5 24. Qxe7 Nxd3 25. Qd6 Nxc5 26. h6 Ne4 27.
Nxe4 Qxe4+ 28. Ka1 b6 29. Qe7+ Bb7 30. Qg7 Qf3 31. Rb1 Qf8 32. Qg6 Qg8 33. Qf6
d4 34. Qxd4 Qg6 35. a4 Qxh6 36. a5 Rc8 37. Qxb6+ Ka8 38. Re1 Rc1+ 39. Ka2 Bd5+
40. Ka3 Qf8+ 41. b4 Rxe1 42. Qxa6+ Kb8 43. Qb6+ Bb7 44. a6 Qf3+ 45. Ka4 Ra1+ 46.
Kb5 Qd3+ 47. Kc5 Rc1# 0-1

[Event "NIC Classic Prelim 2021"]
[Site "chess24.com INT"]
[Date "2021.04.26"]
[Round "14.6"]
[White "Carlsen, Magnus"]
[Black "So, Wesley"]
[Result "1/2-1/2"]
[WhiteTitle "GM"]
[BlackTitle "GM"]
[WhiteElo "2847"]
[BlackElo "2770"]
[WhiteFideId "1503014"]
[BlackFideId "5202213"]
[EventDate "2021.04.24"]

1. e4 e5 2. Nf3 Nc6 3. Bb5 Nf6 4. O-O Nxe4 5. Re1 Nd6 6. Nxe5 Be7 7. Bf1 Nxe5 8.
Rxe5 O-O 9. d4 Bf6 10. Re1 Re8 11. c3 Rxe1 12. Qxe1 Ne8 13. Bf4 d5 14. Bd3 g6
15. Nd2 Ng7 16. Nf3 Bf5 17. Bxf5 Nxf5 18. Qe2 c6 19. Re1 Ng7 20. Be5 Bxe5 21.
Nxe5 Qd6 22. Nd3 Re8 23. Qd2 Rxe1+ 24. Qxe1 Ne6 25. Qe3 f6 26. h4 h5 27. Qh6 Kf7
28. Qe3 Kg8 29. Qh6 Kf7 30. Qe3 Kg8 31. Qh6 1/2-1/2

[Event "NIC Classic Prelim 2021"]
[Site "chess24.com INT"]
[Date "2021.04.26"]
[Round "15.4"]
[White "Mamedyarov, Shakhriyar"]
[Black "Carlsen, Magnus"]
[Result "1/2-1/2"]
[WhiteTitle "GM"]
[BlackTitle "GM"]
[WhiteElo "2770"]
[BlackElo "2847"]
[WhiteFideId "13401319"]
[BlackFideId "1503014"]
[EventDate "2021.04.24"]

1. d4 d5 2. c4 c6 3. Nc3 Nf6 4. e3 e6 5. Nf3 Nbd7 6. Qc2 Bd6 7. b3 O-O 8. Be2 e5
9. cxd5 cxd5 10. Nb5 Bb4+ 11. Bd2 Bxd2+ 12. Nxd2 a6 13. dxe5 Nxe5 14. Nd4 Bg4
15. Bxg4 Nfxg4 16. O-O Rc8 17. Qf5 g6 18. Qf4 Qe7 19. N2f3 Nxf3+ 20. Qxf3 Nf6
21. Rfc1 Ne4 22. Qd1 Qf6 23. f3 Nd6 24. Rxc8 Rxc8 25. Rc1 Qe5 26. Rxc8+ Nxc8 27.
Qd2 Ne7 28. Qc1 Nc6 29. Nxc6 bxc6 30. h3 d4 31. exd4 Qxd4+ 32. Kh1 c5 33. Qe1 c4
34. bxc4 Qxc4 35. Qe8+ Kg7 36. Qe5+ Kg8 37. Qe8+ Kg7 38. Qe5+ Kg8 39. Qe8+ 1/2-1/2

[Event "NIC Classic Prelim 2021"]
[Site "chess24.com INT"]
[Date "2021.04.26"]
[Round "15.5"]
[White "Karjakin, Sergey"]
[Black "Christiansen, Johan-Sebastian"]
[Result "1-0"]
[WhiteTitle "GM"]
[BlackTitle "GM"]
[WhiteElo "2757"]
[BlackElo "2618"]
[WhiteFideId "14109603"]
[BlackFideId "1512668"]
[EventDate "2021.04.24"]

1. b3 e5 2. Bb2 Nc6 3. e3 d5 4. Bb5 Bd6 5. f4 Qh4+ 6. g3 Qe7 7. Nf3 f6 8. Nc3
Qf7 9. fxe5 fxe5 10. O-O Nf6 11. d4 exd4 12. Nxd4 Bd7 13. e4 Nxd4 14. Qxd4 c5
15. Qa4 d4 16. e5 Bxe5 17. Rae1 O-O 18. Rxe5 dxc3 19. Bxc3 Bxb5 20. Qxb5 b6 21.
a4 Rae8 22. Rxe8 Qxe8 23. Qxe8 Nxe8 24. Re1 Kf7 25. b4 Nd6 26. bxc5 bxc5 27. Re5
Rc8 28. Kf2 g6 29. Kf3 Rc6 30. g4 Nc4 31. Re4 Nb6 32. a5 Nd5 33. Rc4 h5 34. gxh5
gxh5 35. Bd4 Nc7 36. Rxc5 Ne6 37. Rf5+ Ke8 38. Bxa7 Rxc2 39. Rxh5 Ra2 40. Bb6
Kf7 41. h4 Kg6 42. Re5 Kf6 43. Re2 Ra3+ 44. Re3 Ra4 45. Re4 Ra3+ 46. Ke2 Kf5 47.
Rc4 Nf4+ 48. Kd2 Nd5 49. Kc2 Rh3 50. Kb2 Ke6 51. Bc5 Kd7 52. a6 Kc6 53. Bf2+ Kb5
54. Rc5+ 1-0

[Event "NIC Classic Prelim 2021"]
[Site "chess24.com INT"]
[Date "2021.04.26"]
[Round "15.6"]
[White "Le, Quang Liem"]
[Black "Aronian, Levon"]
[Result "0-1"]
[WhiteTitle "GM"]
[BlackTitle "GM"]
[WhiteElo "2709"]
[BlackElo "2781"]
[WhiteFideId "12401137"]
[BlackFideId "13300474"]
[EventDate "2021.04.24"]

1. d4 Nf6 2. c4 e6 3. Nf3 d5 4. Nc3 Bb4 5. Qa4+ Nc6 6. e3 O-O 7. Bd2 dxc4 8.
Bxc4 Bd6 9. Qc2 a6 10. O-O e5 11. dxe5 Nxe5 12. Nxe5 Bxe5 13. f4 Bd6 14. Rae1 b5
15. Be2 Bb7 16. Bf3 Bxf3 17. Rxf3 Qd7 18. e4 Rad8 19. h3 Rfe8 20. Re2 b4 21. Nb1
Qb5 22. Bc1 Nxe4 23. Kh2 Nf6 24. Rff2 Qh5 25. Rf3 Qg6 26. Qxg6 hxg6 27. Rxe8+
Rxe8 28. Nd2 Re1 29. Nb3 a5 30. Bd2 Rd1 31. Be3 Nd5 32. Bf2 a4 33. Nc5 Bxf4+ 34.
g3 Be5 35. Nxa4 Rd2 36. a3 Bxb2 37. Nxb2 bxa3 38. Nc4 a2 39. Nxd2 a1=Q 40. Nb3
Qd1 41. Kg2 Nf6 42. Nc5 Qd5 43. Be3 Nh7 44. h4 Nf6 45. Bg1 Ng4 46. Nd3 c5 47.
Bxc5 Nh2 48. Kxh2 Qxf3 49. Nf4 Qg4 50. Nh3 Qe2+ 51. Bf2 f6 52. Kg2 Kf7 53. Nf4
Qe4+ 54. Kg1 Qf5 55. Kg2 g5 56. hxg5 Qxg5 57. Kg1 Qg4 58. Kg2 g5 59. Nh3 Kg6 60.
Ng1 Qe4+ 61. Kf1 Kf5 62. Ne2 Qd3 63. Ke1 Kg4 64. Ng1 f5 0-1

[Event "NIC Classic Prelim 2021"]
[Site "chess24.com INT"]
[Date "2021.04.26"]
[Round "15.7"]
[White "Dominguez Perez, Leinier"]
[Black "Tari, Aryan"]
[Result "1-0"]
[WhiteTitle "GM"]
[BlackTitle "GM"]
[WhiteElo "2758"]
[BlackElo "2639"]
[WhiteFideId "3503240"]
[BlackFideId "1510045"]
[EventDate "2021.04.24"]

1. e4 e5 2. Nf3 Nc6 3. Bb5 Nf6 4. O-O Nxe4 5. d4 Nd6 6. Bxc6 dxc6 7. dxe5 Nf5 8.
Qxd8+ Kxd8 9. Rd1+ Ke8 10. Nc3 Be7 11. g4 Nh4 12. Nxh4 Bxh4 13. Kg2 Be6 14. h3
h5 15. f3 Be7 16. Bf4 a5 17. a4 Rd8 18. b3 Rd7 19. Ne4 b6 20. Ng5 Bc5 21. Nxe6
fxe6 22. Rxd7 Kxd7 23. Rd1+ Kc8 24. Bg5 b5 25. gxh5 Rxh5 26. Rd8+ Kb7 27. f4 Rh7
28. h4 g6 29. Kf3 Rg7 30. Kg4 Be7 31. Rd7 Bf6 32. Rxg7 Bxg7 33. h5 gxh5+ 34.
Kxh5 Kc8 35. Kg6 1-0

[Event "NIC Classic Prelim 2021"]
[Site "chess24.com INT"]
[Date "2021.04.26"]
[Round "15.8"]
[White "Vidit, Santosh Gujrathi"]
[Black "Radjabov, Teimour"]
[Result "1/2-1/2"]
[WhiteTitle "GM"]
[BlackTitle "GM"]
[WhiteElo "2726"]
[BlackElo "2765"]
[WhiteFideId "5029465"]
[BlackFideId "13400924"]
[EventDate "2021.04.24"]

1. d4 Nf6 2. c4 e6 3. Nc3 d5 4. cxd5 exd5 5. Bg5 Be7 6. e3 c6 7. Bd3 Nbd7 8. Qc2
O-O 9. Nge2 Re8 10. O-O Nf8 11. f3 g6 12. Kh1 Ne6 13. Bh4 b5 14. Rae1 Bb7 15.
Nf4 Nxf4 16. exf4 Qd6 17. f5 Nh5 18. Bxe7 Rxe7 19. fxg6 hxg6 20. Qd2 Rae8 21.
Rxe7 Qxe7 22. Ne2 Bc8 23. g4 Ng7 24. Kg2 Qh4 25. h3 Nh5 26. Rf2 Ng7 27. Nf4 Qf6
28. Bc2 a5 29. Re2 Rxe2+ 30. Nxe2 b4 31. Bd3 Ne6 32. Qe3 c5 33. f4 cxd4 34. Qc1
Bd7 35. Qd2 Nc5 36. Qc2 Qd6 37. Qd2 b3 38. axb3 Nxb3 39. Qc2 Nc5 40. Nxd4 Nxd3
41. Qxd3 Qxf4 42. Nf3 Be6 43. Qd4 Qd6 1/2-1/2